Советская драматургия 1917-1940; Любовь Яровая; Разлом; Бронепоезд 14-69; Оптимистическая трагедия; Платон Кречет; Человек с ружьем; Советская драматургия 1917-1940 гг.

מידע ביבליוגרפי
מחברים אחרים: Белкин А. А. Анатолий Алексеевич (составитель), Пчелко И. И. (иллюстратор)
שפה:רוסית
יצא לאור: Москва, Просвещение, 1983
TOC:К. А. Тренев, Любовь Яровая;
Б. А. Лавренев, Разлом;
В. В. Иванов, Бронепоезд 14-69;
В. Н. Вишневский, Оптимистическая трагедия;
А. Е. Корнейчук, Платон Кречет;
Н. Ф. Погодин, Человек с ружьем;
А. А. Белкин, Советская драматургия 1917-1940 гг.;
סדרה:Школьная библиотека
נושאים:
פורמט: MixedMaterials ספר
KOHA link:https://koha.lib.tpu.ru/cgi-bin/koha/opac-detail.pl?biblionumber=113292

MARC

LEADER 00000nam0a2200000 4500
001 113292
005 20231101215121.0
020 |a RU  |b 83-81193 
035 |a (RuTPU)RU\TPU\book\122529 
090 |a 113292 
100 |a 20070409d1983 m y0rusy5003 ca 
101 0 |a rus 
102 |a RU 
105 |a c z 000ay 
200 1 |a Советская драматургия 1917-1940  |f сост. А. А. Белкин; худож. И. И. Пчелко 
210 |a Москва  |c Просвещение  |d 1983 
215 |a 335 с.  |c портр. 
225 1 |a Школьная библиотека 
464 |t Любовь Яровая  |f К. А. Тренев 
464 |t Разлом  |f Б. А. Лавренев 
464 |t Бронепоезд 14-69  |f В. В. Иванов 
464 |t Оптимистическая трагедия  |f В. Н. Вишневский 
464 |t Платон Кречет  |f А. Е. Корнейчук 
464 |t Человек с ружьем  |f Н. Ф. Погодин 
464 |t Советская драматургия 1917-1940 гг.  |o послесловие  |f А. А. Белкин 
606 1 |a Русская литература современная  |2 stltpush  |3 (RuTPU)RU\TPU\subj\26373  |9 50316 
610 1 |a советская литература 
610 1 |a драматургия 
610 1 |a пьесы 
610 1 |a сборники 
610 1 |a 20 век 
675 |a Р2  |v 3 
702 1 |a Белкин  |b А. А.  |g Анатолий Алексеевич  |4 220 
702 1 |a Пчелко  |b И. И.  |4 440 
801 0 |a RU  |b RuMRKP  |c 19950704  |g psbo 
801 1 |a RU  |b 63413507  |c 20070409  |g PSBO 
801 2 |a RU  |b 63413507  |c 20220203  |g PSBO 
942 |c BK